Statistics for Beaches by State (USA)

Click here to take the quiz!

General Stats

  • This quiz has been taken 66 times
  • The average score is 13 of 15

Answer Stats

BeachState% Correct
Venice BeachCalifornia
100%
Panama City BeachFlorida
100%
Myrtle BeachSouth Carolina
98%
Coney IslandNew York
97%
GalvestonTexas
97%
Gulf ShoresAlabama
93%
Waikiki BeachHawaii
93%
Ocean CityMaryland
92%
Cannon BeachOregon
92%
Cape MayNew Jersey
90%
Long Beach PeninsulaWashington
90%
Rehoboth BeachDelaware
89%
Coast Guard BeachMassachusetts
87%
Black Sand BeachAlaska
70%
Geneva State ParkOhio
44%

Score Distribution

Percentile by Number Answered

Percent of People with Each Score

Your Score History

You have not taken this quiz